000
00450nam a2200145Ia 4500
008
100122s9999 xx 000 0 und d
082
_b
9114
_a
823
100
_a
मित्र का र
245
_a
प्रियवंदा
260
_b
मनोरंजक ग्रंथ प्रसारक मंडळी
_c
1925
300
_a
186
630
_a
प्रियवंदा
730
_a
प्रियवंदा
942
_c
BOOK
999
_c
401221
_d
401218